| 000 | 02329nam a2200241Ii 4500 | ||
|---|---|---|---|
| 008 | 221202s xx 000 0 und d | ||
| 100 | 1 |
_aMoriarty, Brid, _eauthor |
|
| 245 | 0 | _aEvidence in Civil Law - Ireland | |
| 264 |
_bInstitute for Local Self-Government and Public Procurement Maribor _c2015 |
||
| 300 | _a1 online resource (120 pages) | ||
| 336 |
_atext _btxt _2rdacontent |
||
| 337 |
_acomputer _bc _2rdamedia |
||
| 338 |
_aonline resource _bcr _2rdacarrier |
||
| 490 | _aLaw & Society | ||
| 520 | _aIreland as a common law jurisdiction operates an adversarial system. Ireland has a written Constitution, Bunreacht na h-Éireann. Other sources of law include legislation and European Union Law and a doctrine of precedent operates. This paper comprises a discussion of the law of evidence in Irish Civil Procedure. It follows the structure of a questionnaire circulated for the purposes of a comparative study as part of an EU wide project and is repetitive in parts. It was completed between November 2013 and August 2014 and in the interim there have been significant developments in the Irish legal system, most notably the establishment of the Court of Appeal and the Supreme Court decision in D.P.P. v. J.C. [2015] IESC 31, which modified the exclusionary rule concerning unconstitutionally obtained evidence. The primary form of proof in Irish courts is oral evidence. Competent witnesses are generally compellable. Usually testimony, on oath or affirmation, is given viva voce in open court before the Judge and where necessary a jury, and in the presence of the parties. The right to cross-examine is constitutionally guaranteed. In civil cases, the standard of proof is the balance of probabilities. The burden of proof rests on the party which asserts. The principle of audi alteram partem applies. A distinction is drawn between unconstitutionally obtained evidence and illegally obtained evidence. There is pre-trial discovery. Evidence taking by and for foreign courts is discussed. | ||
| 653 | _aCivil Procedure | ||
| 653 | _aCross-Examination | ||
| 653 | _aDiscovery | ||
| 653 | _aForeign Evidence | ||
| 653 | _aUnconstitutionally Obtainede Evidence | ||
| 856 | _uhttps://library.oapen.org/bitstream/20.500.12657/31981/1/620455.pdfhttp://library.oapen.org/handle/20.500.12657/31981 | ||
| 942 | _cE-BOOK | ||
| 999 |
_c62385 _d62385 |
||